| 000 | 00342 a2200109 4500 | ||
|---|---|---|---|
| 001 | ART_18859 | ||
| 005 | 20260410161703.0 | ||
| 008 | 260409a | ||
| 245 | 1 | 0 | _aImpuestos internos. Distintas situaciones tratadas por la jurisprudencia |
| 100 | 1 | _aBaldo, Alberto | |
| 773 | 0 |
_tRevista Impuestos _g- NÂș 7 (jul. 2011) _wREV639 |
|
| 999 |
_c15399 _d15399 |
||